| 000 | 00720nam a22002537a 4500 | ||
|---|---|---|---|
| 001 | 1685 | ||
| 003 | CO-MdFUSB | ||
| 005 | 20190202100308.0 | ||
| 008 | 170502t1995 a ||||| |||| 00| 0 s d | ||
| 020 | _a950-683-055-X | ||
| 040 |
_aCO-MdFUSB _bspa _cCO-MdFUSB _dCO-MdFUSBC _erda |
||
| 041 | 0 | _aspa | |
| 082 | 0 | 4 | _aG 220.09 A872h |
| 100 | 1 |
_aAtiencia, Jorge _eautor |
|
| 245 | 1 | 0 |
_aHombres de Dios _b : Elías, Ezequiel, Daniel, José, Esteban _c / Jorge Atiencia |
| 264 | 4 |
_aBuenos Aires, Argentina : _bCerteza, _c©1995 |
|
| 300 | _a101 Pag | ||
| 336 |
_2rdacontent _a1 _ba1 |
||
| 337 |
_2rdamedia _a2 _b5 |
||
| 338 |
_2rdacarrier _a2 _b5 |
||
| 650 | 0 |
_aBiblia _916 |
|
| 653 | _aBiblia - Bibliografías | ||
| 942 | _cBK | ||
| 999 |
_c32923 _d32923 |
||